000 00440nam a2200181 i 4500
001 bg
100 1 _aYARIV, Shumel
245 0 _aGeochemistry of Colloid Systems /
_cS. Yariv, H. Cross.
260 _aBerlin :
_bSpringer-Verlag,
_c1979.
700 1 _aCROSS, Harald
020 _a3540089802
040 _cBPK
041 _apol
080 _a551
920 _a3-540-08980-2
942 _cKS
008 s pl f |000 0 pol
999 _c19429
_d19429
856 _uhttp://koha.tu.koszalin.pl/cgi-bin/koha/opac-detail.pl?biblionumber=19429
_yKatalog online BPK